Coureurs au départ du Tour de France 2025 - Statistiques

Statistiques générales
  • Ce quiz a été pris 1 121 fois
  • Le résultat moyen est 71 sur 207
Statistiques - réponses
Indice Réponse % Correct
1 Tadej Pogacar
99%
11 Jonas Vingegaard
96%
8 Adam Yates
90%
18 Simon Yates
89%
21 Remco Evenepoel
87%
17 Wout Van Aert
87%
106 Mathieu Van Der Poel
86%
131 Kévin Vauquelin
85%
2 Joao Almeida
84%
111 Julian Alaphilippe
84%
41 Biniam Girmay
83%
71 Primoz Roglic
83%
31 Ben Healy
81%
91 Guillaume Martin
81%
101 Jasper Philipsen
81%
81 Jonathan Milan
77%
15 Matteo Jorgenson
77%
156 Aurélien Paret-Peintre
76%
55 Lenny Martinez
76%
25 Valentin Paret-Peintre
76%
61 Geraint Thomas
75%
167 Benjamin Thomas
74%
211 Arnaud De Lie
73%
72 Florian Lipowitz
72%
121 Ben O'Connor
71%
218 Brent Van Moer
71%
16 Sepp Kuss
71%
141 Enric Mas
70%
4 Nils Politt
70%
7 Tim Wellens
69%
66 Carlos Rodriguez
68%
137 Cristian Rodriguez
68%
151 Félix Gall
68%
14 Victor Campenaerts
68%
5 Pavel Sivakov
67%
24 Tim Merlier
66%
3 Jonathan Narvaez
65%
163 Bryan Coquard
64%
191 Oscar Onley
64%
6 Marc Soler
61%
51 Santiago Buitrago
58%
221 Tobias Johannessen
57%
192 Warren Barguil
57%
226 Anders Johannessen
56%
222 Jonas Abrahamsen
55%
13 Tiesj Benoot
55%
186 Jordan Jegat
53%
62 Thymen Arensman
53%
94 Romain Gregoire
52%
95 Valentin Madouas
52%
152 Bruno Armirail
50%
38 Marijn Van Den Berg
50%
117 Michael Storer
50%
84 Quinn Simons
50%
187 Anthony Turgis
49%
134 Arnaud Demare
49%
28 Ilan Van WIlder
48%
114 Marc Hirschi
48%
12 Edoardo Affini
47%
64 Filippo Ganna
47%
103 Kaden Groves
46%
35 Nelson Powless
46%
133 Ewen Costiou
44%
42 Louis Barré
42%
56 Matej Mohoric
42%
188 Matteo Vercher
42%
181 Steff Cras
42%
182 Mathieu Burgaudeau
41%
201 Michael Woods
41%
78 Aleksandr Vlasov
40%
118 Matteo Trentin
40%
96 Quentin Pacher
40%
73 Jordi Meeus
39%
85 Mattias Skjelmose
39%
206 Alexey Lutsenko
38%
145 Ivan Garcia
38%
97 Paul Penhoet
38%
135 Raul Garcia
38%
65 Axel Laurance
37%
124 Dylan Groenewegen
37%
161 Emanuel Buchmann
36%
34 Alex Baudin
35%
147 Ivan Romeo
35%
105 Jonas Rickaert
34%
223 Magnus Cort Nielsen
34%
174 Clément Champoussin
33%
171 Harold Tejada
32%
98 Clément Russo
31%
44 Hugo Page
31%
126 Luke Plapp
31%
77 Danny Van Poppel
30%
87 Jasper Stuyven
30%
45 Laurenz Rex
30%
128 Mauro Schmid
30%
164 Ion Izagirre
29%
198 Frank Van Den Broek
28%
33 Kasper Asgreen
28%
52 Phil Bauhaus
28%
148 Einer Rubio
27%
185 Emilien Jeanniere
27%
54 Jack Haig
27%
113 Marco Haller
27%
102 Silvan Dillier
27%
172 Davide Ballerini
26%
166 Dylan Teuns
26%
88 Edward Theuns
26%
36 Harrison Sweeny
26%
22 Mattia Cattaneo
26%
165 Alexis Renard
25%
227 Andreas Leknessund
25%
173 Cees Bol
25%
153 Clément Berthet
25%
175 Yevgeniy Fedorov
25%
58 Fred Wright
24%
176 Sergio Higuita
24%
82 Simone Consonni
24%
154 Stefan Bissegger
24%
48 Georg Zimmermann
23%
63 Tobias Foss
23%
112 Alberto Dainese
22%
162 Alex Aranburu
22%
158 Bastien Tronchon
22%
217 Lennert Van Eetvelt
22%
26 Maximilian Schachmann
22%
143 Pablo Castrillo
22%
23 Pascal Eenkhoorn
22%
67 Connor Swift
21%
122 Edward Dunbar
21%
123 Luke Durbridge
21%
83 Thibau Nys
21%
184 Thomas Gachignard
21%
104 Xandro Meurisse
21%
157 Callum Scotson
20%
92 Lewis Askey
20%
202 Pascal Ackermann
20%
178 Simone Velasco
20%
228 Soren Waerenskjold
20%
86 Toms Skujins
20%
93 Cyril Barthe
19%
125 Luka Mezgec
19%
155 Oliver Naesen
19%
68 Samuel Watson
19%
32 Vincenzo Albanese
19%
27 Bert Van Lerberghe
18%
74 Gianni Moscon
18%
107 Gianni Vermeersch
18%
136 Mathis Le Berre
18%
177 Mike Teunissen
18%
183 Alexandre Delettre
17%
146 Gregor Mühlberger
17%
208 Jake Stewart
17%
75 Laurence Pithie
17%
76 Mick Van Dijke
17%
132 Amaury Capiot
16%
138 Clément Venturini
16%
108 Emiel Verstrynge
16%
203 Joseph Blackmore
16%
205 Matis Louvel
16%
193 Pavel Bittner
16%
215 Sébastien Grignard
16%
168 Damien Touze
15%
204 Guillaume Boivin
15%
212 Jenno Berckmoes
15%
195 Tobias Lund Andresen
15%
216 Eduardo Sepulveda
14%
207 Krists Neilands
14%
37 Michael Valgren
14%
47 Roel Van Sintmaartensdijk
14%
224 Stian Edvardsen-Fredheim
14%
127 Elmar Reinders
13%
46 Jonas Rutsch
13%
53 Kamil Gradek
13%
116 Marius Mayrhofer
13%
144 Nelson Oliveira
13%
57 Robert Stannard
13%
115 Fabian Lienhard
12%
214 Jarrad Drizners
12%
213 Jasper De Buyst
12%
142 William Barta
12%
43 Vito Braet
11%
196 Niklas Märkl
10%
194 Sean Flynn
10%
197 Tim Naberman
9%
225 Markus Hoelgaard
8%
Indice Answer
0%
ddd | dddd dddd
0%
efqfe efqsfq
0%
efqsf eqfq
0%
fef ezfef
0%
fff | ffff ffff
0%
dddd | fff | ffff fffff
0%
ggg ggg
0%
ggg | gggg gggg
0%
gggg ggggg
0%
jjj jjjj
0%
deqf qeffq
0%
esfs qefqf
0%
ttrr rrrrr
0%
ttttt ttttt
0%
tttt tttttt
0%
Aucun quiz correspondant
Distribution des résultats
% des personnes avec chaque résultat
Percentile par nombre de réponses
Votre historique - résultats
Vous n’avez pas pris ce quiz